<?xml version="1.0" encoding="UTF-8"?>
<record
    xmlns:xsi="http://www.w3.org/2001/XMLSchema-instance"
    xsi:schemaLocation="http://www.loc.gov/MARC21/slim http://www.loc.gov/standards/marcxml/schema/MARC21slim.xsd"
    xmlns="http://www.loc.gov/MARC21/slim">

  <leader>00669nam a22002057a 4500</leader>
  <controlfield tag="005">20180530171625.0</controlfield>
  <datafield tag="010" ind1=" " ind2=" ">
    <subfield code="a">B-132885</subfield>
  </datafield>
  <datafield tag="020" ind1=" " ind2=" ">
    <subfield code="c">250.00</subfield>
    <subfield code="a">9780143031017</subfield>
  </datafield>
  <datafield tag="035" ind1=" " ind2=" ">
    <subfield code="a">B-132885</subfield>
  </datafield>
  <datafield tag="037" ind1=" " ind2=" ">
    <subfield code="b">BPPD/PUB</subfield>
  </datafield>
  <datafield tag="037" ind1=" " ind2=" ">
    <subfield code="b">BPPD/PUB</subfield>
    <subfield code="a">dpl</subfield>
  </datafield>
  <datafield tag="082" ind1=" " ind2=" ">
    <subfield code="a">915.436 MUK</subfield>
  </datafield>
  <datafield tag="100" ind1=" " ind2=" ">
    <subfield code="a">Mukerjee, Madhusree</subfield>
  </datafield>
  <datafield tag="245" ind1="1" ind2=" ">
    <subfield code="a">The land of naked people : </subfield>
    <subfield code="c">by Madhusree Mukerjee</subfield>
    <subfield code="b">encounters with stone age islanders /</subfield>
  </datafield>
  <datafield tag="260" ind1=" " ind2=" ">
    <subfield code="a">New Delhi</subfield>
    <subfield code="b">Penguin</subfield>
    <subfield code="c">2003</subfield>
  </datafield>
  <datafield tag="270" ind1=" " ind2=" ">
    <subfield code="a">11 Community Centre, Panchsheel Park</subfield>
    <subfield code="b">New Delhi</subfield>
    <subfield code="e">110017</subfield>
  </datafield>
  <datafield tag="300" ind1=" " ind2=" ">
    <subfield code="a">xvii, 238p.</subfield>
    <subfield code="c">20cm (pbk)</subfield>
  </datafield>
  <datafield tag="500" ind1=" " ind2=" ">
    <subfield code="a">Includes bibliographical references.</subfield>
  </datafield>
  <datafield tag="942" ind1=" " ind2=" ">
    <subfield code="a">dpl</subfield>
    <subfield code="c">EN</subfield>
    <subfield code="2">ddc</subfield>
    <subfield code="h">915.436</subfield>
    <subfield code="m">MUK</subfield>
  </datafield>
  <datafield tag="999" ind1=" " ind2=" ">
    <subfield code="c">152451</subfield>
    <subfield code="d">152451</subfield>
  </datafield>
  <datafield tag="952" ind1=" " ind2=" ">
    <subfield code="0">0</subfield>
    <subfield code="1">0</subfield>
    <subfield code="4">0</subfield>
    <subfield code="7">0</subfield>
    <subfield code="8">NFIC</subfield>
    <subfield code="a">BL4</subfield>
    <subfield code="b">BL4</subfield>
    <subfield code="d">2018-05-30</subfield>
    <subfield code="e">BPPD/PUB</subfield>
    <subfield code="g">250.00</subfield>
    <subfield code="l">5</subfield>
    <subfield code="m">1</subfield>
    <subfield code="o">915.436 MUK</subfield>
    <subfield code="p">B-132885</subfield>
    <subfield code="r">2025-05-19 00:00:00</subfield>
    <subfield code="s">2025-05-05</subfield>
    <subfield code="v">250.00</subfield>
    <subfield code="w">2018-05-30</subfield>
    <subfield code="y">EN</subfield>
  </datafield>
</record>
